'Smelly Cat' Lyrics Quiz Stats

 Plays Quiz Updated Sep 2, 2015

Support Sporcle.
Go Orange.
Score 0/63 Timer 04:00
0 Plays Today
Lyrics % Correct
cat,
99.6%
cat,
99.6%
cat,
99.6%
cat,
99.6%
Smelly
99.5%
smelly
99.5%
Smelly
99.5%
smelly
99.5%
cat,
99.2%
cat,
99.2%
cat,
99.2%
cat,
99.2%
Smelly
99.2%
smelly
99.2%
Smelly
99.2%
smelly
99.2%
you?
97.5%
you
97.4%
You
97.3%
you?
97.2%
the
96.3%
a
96.2%
and
96.2%
are
94.5%
are
94.1%
what
93.9%
what
93.5%
they
91.6%
They
91.4%
they
91.2%
feeding
89.9%
feeding
89.6%
Lyrics % Correct
your
88.1%
your
88.1%
not
86.7%
not
86.7%
not
86.6%
not
86.5%
It's
86.5%
it's
86.5%
fault.
85.8%
fault.
85.8%
no
83.6%
to
60.3%
to
60.2%
vet,
52.6%
pet.
52.6%
take
52.2%
you're
51.6%
you're
51.5%
their
51.2%
favorite
50.9%
won't
50.5%
obviously
42.3%
be
41%
of
35.7%
with
31.5%
noses.
31.4%
friend
31.1%
roses,
31%
those
29.2%
bed
28.7%
may
28%

From the Vault

MLB 500 Doubles Club

by foobar

Sports 10m
These MLB players have perfected the slow trot into 2nd base.
Remove Ads.
Support Sporcle.
Get the best of Sporcle when you Go Orange. This ad-free experience offers more features, more stats, and more fun while also helping to support Sporcle. Thank you for becoming a member.

Show Comments

Extras

Top Quizzes Today


Score Distribution

Your Account Isn't Verified!

In order to create a playlist on Sporcle, you need to verify the email address you used during registration. Go to your Sporcle Settings to finish the process.

Report this User

Report this user for behavior that violates our Community Guidelines.

Details: